000 00296nam a2200121Ia 4500
008 190216s9999||||xx |||||||||||||| ||und||
100 _aDavid M Burton
245 4 _aThe History Of Mathematics And Introductions
260 _bMcgraw -hill
300 _a788
650 _aMathematics
942 _cBK
999 _c32030
_d32030